Encanto poético / (Record no. 47868)
[ view plain ]
| 000 -CABECERA | |
|---|---|
| campo de control de longitud fija | 00647nam a2200229 a 4500 |
| 001 - NÚMERO DE CONTROL | |
| campo de control | 000048380 |
| 003 - IDENTIFICADOR DEL NÚMERO DE CONTROL | |
| campo de control | DO-SdBNP |
| 005 - FECHA Y HORA DE LA ÚLTIMA TRANSACCIÓN | |
| campo de control | 20240313135413.0 |
| 007 - CAMPO FIJO DE DESCRIPCIÓN FÍSICA--INFORMACIÓN GENERAL | |
| campo de control de longitud fija | ta |
| 008 - DATOS DE LONGITUD FIJA--INFORMACIÓN GENERAL | |
| campo de control de longitud fija | 190218s2022 dr ac r 000 0 spa d |
| 020 ## - NÚMERO INTERNACIONAL ESTÁNDAR DEL LIBRO | |
| Número Internacional Estándar del Libro | 9780985477264 |
| 040 ## - FUENTE DE LA CATALOGACIÓN | |
| Centro catalogador/agencia de origen | DO-SdBNP |
| Lengua de catalogación | spa |
| Centro/agencia transcriptor | BNPHU |
| 082 #4 - NÚMERO DE LA CLASIFICACIÓN DECIMAL DEWEY | |
| Número de edición | 22 |
| 100 1# - ENTRADA PRINCIPAL--NOMBRE DE PERSONA | |
| Nombre de persona | Córdova, Cuqui, |
| Fechas asociadas al nombre | 1929-2020 |
| 9 (RLIN) | 54809 |
| 245 10 - MENCIÓN DE TÍTULO | |
| Título | Encanto poético / |
| Mención de responsabilidad, etc. | Ana Arelys Cruz Cabrera |
| 260 ## - PUBLICACIÓN, DISTRIBUCIÓN, ETC. | |
| Lugar de publicación, distribución, etc. | Santo Domingo : |
| Nombre del editor, distribuidor, etc. | Alfa y Omega, |
| Fecha de publicación, distribución, etc. | 2022. |
| 300 ## - DESCRIPCIÓN FÍSICA | |
| Extensión | 102p. : |
| Otras características físicas | il. ; |
| Dimensiones | 23 cm. |
| 500 ## - NOTA GENERAL | |
| Nota general | Incluye datos biográficos de la autora en las solapas |
| 590 ## - NOTA LOCAL (RLIN) | |
| Nota local | Inventariado, 2022/BT |
| 910 ## - DATOS DE OPCIÓN DEL USUARIO (OCLC) | |
| Datos de opción del usuario | Btavárez |
| 942 ## - ELEMENTOS DE PUNTO DE ACCESO ADICIONAL (KOHA) | |
| Fuente del sistema de clasificación o colocación | Dewey Decimal Classification |
| Tipo de ítem Koha | Libro |
| Estado de retiro | Estado de pérdida | Fuente del sistema de clasificación o colocación | Restricciones de uso | No para préstamo | Código de colección | Localización permanente | Ubicación/localización actual | Ubicación en estantería | Fecha de adquisición | Fuente de adquisición | Código de barras | Fecha visto por última vez | Número de copia | Precio válido a partir de | Tipo de ítem Koha | Nota pública | Total de préstamos |
|---|---|---|---|---|---|---|---|---|---|---|---|---|---|---|---|---|---|
| Dewey Decimal Classification | Préstamo en sala | Dominicana de Servicio | Biblioteca Nacional Pedro Henríquez Ureña | Biblioteca Nacional Pedro Henríquez Ureña | En catalogación | 18.02.2019 | Depósito Legal | 48380-30 | 25.06.2020 | e. 3 | 25.06.2020 | Libro | Autografiado por el autor. | ||||
| Dewey Decimal Classification | Excluido de préstamo | Patrimonio Dominicano | Biblioteca Nacional Pedro Henríquez Ureña | Biblioteca Nacional Pedro Henríquez Ureña | En catalogación | 18.02.2019 | Depósito Legal | 48380-10 | 25.06.2020 | 25.06.2020 | Libro | Autografiado por la autora. | |||||
| Dewey Decimal Classification | Excluido de préstamo | Patrimonio Dominicano | Biblioteca Nacional Pedro Henríquez Ureña | Biblioteca Nacional Pedro Henríquez Ureña | En catalogación | 18.02.2019 | Depósito Legal | 48380-20 | 25.06.2020 | e. 2 | 25.06.2020 | Libro | Autografiado por la autora. | ||||
| Dewey Decimal Classification | Préstamo en sala | Dominicana de Servicio | Biblioteca Nacional Pedro Henríquez Ureña | Biblioteca Nacional Pedro Henríquez Ureña | En catalogación | 09.05.2022 | Editora Búho | 2022-4819 | 02.11.2022 | e. 4 | 25.06.2020 | Libro | |||||
| Dewey Decimal Classification | Préstamo en sala | Dominicana de Servicio | Biblioteca Nacional Pedro Henríquez Ureña | Biblioteca Nacional Pedro Henríquez Ureña | En catalogación | 09.05.2022 | Editora Búho | 2022-4820 | 02.11.2022 | e. 5 | 25.06.2020 | Libro |
